000 00708cab a2200229 4500
001 ABS55029
008 090401t1996 xxu||||| |||| 00| 0 eng d
035 _a(Sirsi) u13690
041 _aeng
100 _aDunnico, S.
245 4 _aThe French connection
260 _c1996
350 _a0
490 _aMapping Awareness
_v10(3) April 1996, 30-33(4)
520 _aConsiders the role GIS played in finding a route to connect the Channel Tunnel to London that would satisfy local residents, the environment and investors.
650 _aCHANNEL TUNNEL RAIL LINK
650 _aGIS
690 _aMAPPING AND MEASUREMENT
690 _aTRANSPORT AND COMMUNICATIONS
942 _n0
948 _c04/03/1997
999 _c8810
_d8810